01161nam a22002417a 4500003000400000005001700004008003900021020001800060040002500078082002600103110004300129245020600172246007700378260006700455300002700522610006600549650005900615650007600674650007100750700003200821700003400853700003200887OSt20240311112321.02020b ||||| |||| 00| 0 spa d a9789945092486 aDO-SdBNPbspacBNPHU 4a371.19206 bA837u2222 aAsociación Dominicana de Profesores 10aUnidad en la diversidad :b50 años de historia de la Asociaciòn Dominicana de Profesores, ADP /c editor Enrique De León ; transcripción Victoria Richardson Castillo ; fotografía Romel Cuevas aCincuenta años de historia de la Asociaciòn Dominicana de Profesores aSanto Domingo :bAsociaciòn Dominicana de Profesores, c2020 a283 p. :bil. ;c26 cm242 Asociación Dominicana de Profesores x Historiay1970-2020 4aMaestroszRepública Dominicanax Historiay1970-2020 4a Sindicatos de maestrosz República Dominicanax Historiay 1970-2020 42Política educativa zRepública DominicanaxHistoriay1970-20201 aLeòn, Enrique, deeeditor1 aRichardson Castillo, Victoria1 aCuevas, Romelefotografìa